Lyrics to 'Mil Tormentas' by Morat - Statistics

General Stats
  • This quiz has been taken 52 times
  • The average score is 383 of 445
Answer Stats
Answer % Correct
a
100%
la
100%
Acepto
88%
al
88%
algo
88%
aliento
88%
amor
88%
Antes
88%
antes
88%
apagar
88%
argumento
88%
armar
88%
arrepiento
88%
aún
88%
aunque
88%
bien
88%
canción
88%
ciego
88%
con
88%
conmigo
88%
conquistar
88%
contigo
88%
cuenta
88%
De
88%
de
88%
dejes
88%
Del
88%
del
88%
dentro
88%
desatar
88%
devolviste
88%
ego
88%
el
88%
El
88%
encontré
88%
es
88%
escapar
88%
esta
88%
estar
88%
Estar
88%
favor
88%
fin
88%
fue
88%
fuego
88%
hablamos
88%
hablaste
88%
habló
88%
hay
88%
hiciste
88%
Intenta
88%
juego
88%
juntos
88%
las
88%
Las
88%
los
88%
mar
88%
más
88%
Me
88%
me
88%
mi
88%
miedo
88%
mil
88%
misma
88%
mueva
88%
mueva)
88%
no
88%
No
88%
noches
88%
nudo
88%
nunca
88%
oyeras
88%
perdedor
88%
perder
88%
perdí
88%
pero
88%
piano
88%
piel
88%
ponte
88%
Por
88%
por
88%
porque
88%
primero
88%
pronóstico
88%
prueba
88%
Pude
88%
pude
88%
puede
88%
Pueden
88%
Pues
88%
que
88%
Que
88%
quédate
88%
quedo
88%
quieres
88%
revivir
88%
Revivir
88%
rogar
88%
ruego
88%
Sabes
88%
(Sabes
88%
salvé
88%
salve
88%
se
88%
88%
Se
88%
88%
segundo
88%
sentados
88%
ser
88%
Si
88%
si
88%
(Si
88%
siento
88%
silencio
88%
sin
88%
sismo
88%
sobrevivir
88%
solo
88%
supe
88%
te
88%
Te
88%
tengo
88%
ti
88%
todas
88%
todavía
88%
tormentas
88%
tu
88%
88%
un
88%
vas
88%
vayas
88%
verme
88%
viento
88%
voy
88%
Voy
88%
Y
88%
y
88%
ya
88%
yo
88%
Yo
88%
yo)
88%
ahora
75%
amarme
75%
amaste
75%
buscaba
75%
cada
75%
creamos
75%
culpa
75%
darte
75%
decías
75%
dejamos
75%
dejarte
75%
digo
75%
dolor
75%
entiendes
75%
escondiste
75%
escribamos
75%
Esos
75%
hielo
75%
historia
75%
intentas)
75%
lazo
75%
lluevan)
75%
lo
75%
mano
75%
mientas)
75%
morías
75%
nada
75%
necesario
75%
nos
75%
ojos
75%
Olvidemos
75%
palabra
75%
para
75%
promesas
75%
(Puedes
75%
quiso
75%
razones
75%
Recuerdo
75%
rompiendo
75%
salvarnos
75%
(Serán
75%
siempre
75%
(Siempre
75%
sientes
75%
siguiente
75%
solos
75%
sueños
75%
tus
75%
unía
75%
vacías
75%
van
75%
vuelves
75%
(Solamente
63%
estas
13%
No matching quizzes found
Score Distribution
Percent of People with Each Score
Percentile by Number Answered
Your Score History
You have not taken this quiz